000 00583nam a2200157 a 4500
001 000025679
005 20200930023951.0
008 110221s1990 dr 000 0 spa d
040 _aDO-SdBNP
_bspa
_cBNPHU
110 1 _aConferencia general del episcopado latinoamericano
_d(1990:
_cSanto Domingo)
_952444
245 1 0 _aEmentos para una reflexión pastoral en preparación de la conferencia general.
260 _aSanto Domingo :
_bCentro de Publicaciones del CELAM,
_c1990.
300 _a290 p. ;
_c23 cm.
710 1 _aConsejo Episcopal Latinoamericano(CELAM)
_952445
049 _aBNPD
999 _c25171
_d25171